Tratado de la naturaleza humana
Gespeichert in:
| 1. Verfasser: | |
|---|---|
| Format: | Buch |
| Sprache: | Spanisch |
| Veröffentlicht: |
San José
Universidad Autónoma de Centro América
1987
|
| Schriftenreihe: | Colección Clásicos de la Democracia
|
| Schlagworte: | |
| Tags: |
Tag hinzufügen
Keine Tags, Fügen Sie den ersten Tag hinzu!
|
MARC
| LEADER | 00000nam a2200000 a 4500 | ||
|---|---|---|---|
| 001 | UCX5483 | ||
| 003 | CL-VaPUC | ||
| 005 | 20201111175914.0 | ||
| 008 | 921120e19870000CR |||||||||||||||||spa|d | ||
| 999 | |c 225719 |d 225717 | ||
| 040 | |c Pontificia Universidad Católica de Valparaíso | ||
| 082 | 0 | 4 | |a 192 |b HUM |2 21 |
| 100 | |a Hume, David |e author |9 858138 | ||
| 245 | 1 | 0 | |a Tratado de la naturaleza humana |
| 260 | |a San José |b Universidad Autónoma de Centro América |c 1987 | ||
| 300 | |a 2 v | ||
| 490 | 0 | |a Colección Clásicos de la Democracia | |
| 583 | |a last modification |c 19921120 00:00:00 |k Rodrigo Vera | ||
| 650 | 7 | |a HOMBRE INFLUENCIA SOBRE LA NATURALEZA |2 CL-VaPUC |9 261172 | |
| 650 | 7 | |a HOMBRE FILOSOFIA |2 CL-VaPUC |9 315278 | |
| 852 | |a BIBCUR | ||
| 942 | |c BK |2 ddc | ||
| 945 | |d 19921120 00:00:00 | ||
| 952 | |0 0 |1 0 |4 0 |6 192_000000000000000_HUM_1987 |7 0 |8 A |9 223481 |a BIBCUR |b BIBCUR |d 2019-11-15 |h v.2-3 |i 2923033 |o 192 HUM 1987 |p 2923033 |r 2025-04-22 |w 2019-11-15 |y BK |k BCB | ||